LEADER 04323 am 22006853u 450 001 9910342255003321 005 20211005201219.0 010 $a9783110599572$b(ePDF) 010 $a3110599570$b(ePDF) 010 $a9783110596991$b(ePub) 010 $a3110596997$b(ePub) 024 7 $a10.1515/9783110599572 035 $a(CKB)4100000008953752 035 $a(DE-B1597)494424 035 $a(OCoLC)1114795608 035 $a(DE-B1597)9783110599572 035 $a(MiAaPQ)EBC6637545 035 $a(Au-PeEL)EBL6637545 035 $a(OCoLC)1264477762 035 $a(ScCtBLL)29986eba-56be-4c77-942e-355e2eb3ae95 035 $a(EXLCZ)994100000008953752 100 $a20200406h20192019 fg 101 0 $aeng 135 $aurcn||||||||| 181 $ctxt$2rdacontent 182 $cc$2rdamedia 183 $acr$2rdacarrier 200 00$aDigital Classical Philology $eAncient Greek and Latin in the Digital Revolution /$fMonica Berti 210 1$aBerlin ;$aBoston : $cDe Gruyter Saur, $d[2019] 210 4$d©2019 215 $a1 online resource (xiii, 349 pages) $cillustrations (some colour) 225 0 $aAge of Access? Grundfragen der Informationsgesellschaft ;$v10 311 08$aPrint version hardcover: 9783110596786 327 $tFrontmatter -- $tEditor's Preface -- $tPreface -- $tContents -- $tIntroduction -- $tThe Free First Thousand Years of Greek -- $tThe Digital Latin Library: Cataloging and Publishing Critical Editions of Latin Texts -- $tSustaining Linked Ancient World Data -- $tThe Perseus Catalog: of FRBR, Finding Aids, Linked Data, and Open Greek and Latin -- $tThe CITE Architecture: a Conceptual and Practical Overview -- $tThe Canonical Text Services in Classics and Beyond -- $tOptical Character Recognition for Classical Philology -- $tCharacter Encoding of Classical Languages -- $tBuilding a Text Analysis Pipeline for Classical Languages -- $tIntertextuality as Viral Phrases: Roses and Lilies -- $tDigital Classical Philology and the Critical Apparatus -- $teComparatio - a Software Tool for Automatic Text Comparison -- $tThe Homer Multitext within the History of Access to Homeric Epic -- $tHistorical Fragmentary Texts in the Digital Age -- $tThe Dependency Treebanks for Ancient Greek and Latin -- $tThe Project of the Index Thomisticus Treebank -- $tSemantic Analysis and Thematic Annotation -- $tNotes on Contributors -- $tIndex 330 $aThanks to the digital revolution, even a traditional discipline like philology has been enjoying a renaissance within academia and beyond. Decades of work have been producing groundbreaking results, raising new research questions and creating innovative educational resources. This book describes the rapidly developing state of the art of digital philology with a focus on Ancient Greek and Latin, the classical languages of Western culture. Contributions cover a wide range of topics about the accessibility and analysis of Greek and Latin sources. The discussion is organized in five sections concerning open data of Greek and Latin texts; catalogs and citations of authors and works; data entry, collection and analysis for classical philology; critical editions and annotations of sources; and finally linguistic annotations and lexical databases. As a whole, the volume provides a comprehensive outline of an emergent research field for a new generation of scholars and students, explaining what is reachable and analyzable that was not before in terms of technology and accessibility. 410 0$aAge of access? ;$vBd. 10. 606 $aDigital Humanities 606 $aDigital Philology 606 $aDigitale Philologie 606 $aGreek 606 $aGriechisch 606 $aLatein 606 $aLatin 606 $aHISTORY / Ancient / General$2bisacsh 608 $aElectronic books. 615 4$aDigital Humanities. 615 4$aDigital Philology. 615 4$aDigitale Philologie. 615 4$aGreek. 615 4$aGriechisch. 615 4$aLatein. 615 4$aLatin. 615 7$aHISTORY / Ancient / General. 702 $aBerti$b Monica, $4edt$4http://id.loc.gov/vocabulary/relators/edt 801 0$bDE-B1597 801 1$bDE-B1597 906 $aBOOK 912 $a9910342255003321 996 $aDigital Classical Philology$92256058 997 $aUNINA LEADER 01054nam a2200265 i 4500 001 991001645669707536 005 20020502203701.0 008 000218s1997 it ||| | ita 020 $a8877043393$c30000 035 $ab11543218-39ule_inst 035 $aPRUMB65092$9ExL 040 $aDUSS - Diploma Universitario in Servizio Sociale$bita 082 0 $a305 100 1 $aRovelli, Roberto$0225724 245 10$aValori e modelli di comportamento :$bun'indagine sociologica sugli studenti dell'Universitą di Palermo /$cRoberto Rovelli 260 $aPalermo :$bILA Palma,$c1997 300 $a172 p. ;$c22 cm. 490 0 $aProcessi culturali 650 4$aStudenti - Comportamento - Palermo - Indagine 907 $a.b11543218$b01-03-17$c01-07-02 912 $a991001645669707536 945 $aLE024 SOC/D SR V 30$g1$i2024000019228$lle021$nex DUSS$o-$pE0.00$q-$rl$s- $t0$u1$v0$w1$x0$y.i1174232x$z01-07-02 996 $aValori e modelli di comportamento$9815965 997 $aUNISALENTO 998 $ale021$b01-01-00$cm$da $e-$fita$git $h0$i1 LEADER 01364oam 2200421zu 450 001 9910872533303321 005 20241212215314.0 035 $a(CKB)1000000000022345 035 $a(SSID)ssj0000395660 035 $a(PQKBManifestationID)12156823 035 $a(PQKBTitleCode)TC0000395660 035 $a(PQKBWorkID)10456895 035 $a(PQKB)10302673 035 $a(EXLCZ)991000000000022345 100 $a20160829d2004 uy 101 0 $aeng 181 $ctxt 182 $cc 183 $acr 200 10$a2004 4th IEEE Conference on Nanotechnology : Munich, Germany, 16-19 August, 2004 210 31$a[Place of publication not identified]$cIEEE$d2004 300 $aBibliographic Level Mode of Issuance: Monograph 311 08$a9780780385368 311 08$a0780385365 606 $aNanotechnology$vCongresses 606 $aEngineering & Applied Sciences$2HILCC 606 $aTechnology - General$2HILCC 615 0$aNanotechnology 615 7$aEngineering & Applied Sciences 615 7$aTechnology - General 676 $a620/.5 712 02$aInstitute of Electrical and Electronics Engineers 712 12$aIEEE Conference on Nanotechnology 801 0$bPQKB 906 $aPROCEEDING 912 $a9910872533303321 996 $a2004 4th IEEE Conference on Nanotechnology : Munich, Germany, 16-19 August, 2004$92545454 997 $aUNINA